| 000 | 00534nam a2200205Ia 4500 | ||
|---|---|---|---|
| 008 | 170918s9999 xx 000 0 und d | ||
| 020 | _a590436848 | ||
| 050 | _bC726 1921 | ||
| 100 | _aColum, Padriac | ||
| 245 | 4 | _aThe golden fleece : | |
| 245 | _band the heroes who lived before Achilles / | ||
| 245 | _cPadriac Colum ; illustrated by Willy Pogany. | ||
| 260 | _aNew York : | ||
| 260 | _bScholastic, | ||
| 260 | _c1921 | ||
| 300 | _a316 pages : | ||
| 300 | _bcolored illustration ; | ||
| 300 | _c19cm. | ||
| 500 | _a980 | ||
| 999 |
_c342181 _d342181 |
||